Auschwitz: Geschichte, Rezeption und Wirkung

Gespeichert in:  
Bibliographische Detailangaben
Körperschaft: Fritz Bauer Institut (BeteiligteR)
Medienart: Druck Buch
Sprache:Deutsch
Veröffentlicht: Frankfurt/Main [u.a.] Campus-Verl. 1996
In: Jahrbuch ... zur Geschichte und Wirkung des Holocaust (1996)
Jahr: 1996
Online-Zugang: Inhaltsverzeichnis
Verfügbarkeit prüfen: HBZ Gateway
Subito Bestelldienst: Jetzt bestellen.
Schlagwörter:

MARC

LEADER 00000cam a2200000 c 4500
001 215315456
003 DE-627
005 20250630101541.0
007 tu
008 960913s1996 gw ||||| 00| ||ger c
015 |a 96,N39,0809  |2 dnb 
015 |a 97,A01,1407  |2 dnb 
016 7 |a 948427876  |2 DE-101 
020 |a 3593354411  |c  (kart.)  |9 3-593-35441-1 
035 |a (DE-627)215315456 
035 |a (DE-576)054595347 
035 |a (DE-599)GBV215315456 
035 |a (OCoLC)845264797 
035 |a (OCoLC)845264797 
040 |a DE-627  |b ger  |c DE-627  |e rakwb 
041 |a ger 
044 |c XA-DE  |c XD-US 
050 0 |a D805.P7 
084 |a 63  |2 sdnb 
084 |a BD 7110  |2 rvk  |0 (DE-625)rvk/10251: 
084 |a NQ 2360  |2 rvk  |0 (DE-625)rvk/128255: 
084 |a NQ 2350  |2 rvk  |0 (DE-625)rvk/128254: 
084 |a 15.43  |2 bkl 
090 |a a 
245 0 0 |a Auschwitz  |b Geschichte, Rezeption und Wirkung  |c Fritz-Bauer-Institut (Hg.) 
264 1 |a Frankfurt/Main [u.a.]  |b Campus-Verl.  |c 1996 
300 |a 410 S  |b ill 
336 |a Text  |b txt  |2 rdacontent 
337 |a ohne Hilfsmittel zu benutzen  |b n  |2 rdamedia 
338 |a Band  |b nc  |2 rdacarrier 
490 1 |a Jahrbuch ... zur Geschichte und Wirkung des Holocaust  |v 1996 
500 |a Errata slip laid in 
650 4 |a Fehlt 
653 0 |a a  |a Auschwitz (Concentration camp) 
653 0 |a a  |a World War, 1939-1945  |a Atrocities 
653 0 |a a  |a Holocaust, Jewish (1939-1945) 
655 7 |a Aufsatzsammlung  |0 (DE-588)4143413-4  |0 (DE-627)105605727  |0 (DE-576)209726091  |2 gnd-content 
689 0 0 |d b  |0 (DE-588)4003697-2  |0 (DE-627)106388770  |0 (DE-576)208852565  |a Konzentrationslager Auschwitz  |2 gnd 
689 0 1 |d s  |0 (DE-588)4020531-9  |0 (DE-627)104564326  |0 (DE-576)208933751  |a Geschichtsschreibung  |2 gnd 
689 0 2 |a z  |2 gnd  |a Geschichte 1945-1993 
689 0 |5 DE-101 
710 2 |a Fritz Bauer Institut  |0 (DE-588)2146301-3  |0 (DE-627)184161010  |0 (DE-576)195224442  |4 oth 
830 0 |a Jahrbuch ... zur Geschichte und Wirkung des Holocaust  |v 1996  |9 1996  |w (DE-627)219190089  |w (DE-576)055122329  |w (DE-600)1345095-5  |x 1432-5535  |7 am 
856 4 2 |u https://swbplus.bsz-bw.de/bsz054595347inh.htm  |m V:DE-576  |v 2006-02-09  |3 Inhaltsverzeichnis  |7 1 
889 |w (DE-576)268041075 
935 |i sf 
935 |i Blocktest 
936 r v |a BD 7110  |b Konzentrationslager und Ghetto  |k Theologie und Religionswissenschaften  |k Judaistik  |k Religions- und Kulturgeschichte der Juden  |k 20. und 21. Jahrhundert (seit ca. 1930)  |k Judenvernichtung (1933 - 1945)  |k Konzentrationslager und Ghetto  |0 (DE-627)1363227858  |0 (DE-625)rvk/10251:  |0 (DE-576)293227853 
936 r v |a NQ 2360  |b Judenverfolgung / Antisemitismus im Dritten Reich (Judenfrage)  |k Geschichte  |k Geschichte seit 1918  |k Drittes Reich  |k Innere Geschichte  |k NS-Terror  |k Judenverfolgung / Antisemitismus im Dritten Reich (Judenfrage)  |0 (DE-627)1270699571  |0 (DE-625)rvk/128255:  |0 (DE-576)200699571 
936 r v |a NQ 2350  |b Konzentrationslager, Euthanasie etc.  |k Geschichte  |k Geschichte seit 1918  |k Drittes Reich  |k Innere Geschichte  |k NS-Terror  |k Konzentrationslager, Euthanasie etc.  |0 (DE-627)1270875485  |0 (DE-625)rvk/128254:  |0 (DE-576)200875485 
936 b k |a 15.43  |j Deutsche Geschichte des 19. Jahrhunderts bis zur Gegenwart  |0 (DE-627)181569701 
951 |a BO 
ELC |b 1 
LOK |0 000 xxxxxcx a22 zn 4500 
LOK |0 001 3145909614 
LOK |0 003 DE-627 
LOK |0 004 215315456 
LOK |0 005 20151116135153 
LOK |0 008 150728||||||||||||||||ger||||||| 
LOK |0 035   |a (DE-21-110)kd49526 
LOK |0 040   |a DE-21-110  |c DE-627  |d DE-21-110 
LOK |0 689   |a s  |a Holocaust 
LOK |0 689   |a s  |a Aufarbeitung 
LOK |0 689   |a s  |a Zeitgeschichte 
LOK |0 689   |a s  |a Judenvernichtung 
LOK |0 689   |a s  |a Konzentrationslager 
LOK |0 689   |a s  |a NS-Prozesse 
LOK |0 852   |z Kein Bestand am IfK; Nachweis für KrimDok 
LOK |0 852   |a DE-21-110 
LOK |0 852 1  |9 00 
LOK |0 935   |a k110 
LOK |0 939   |a 28-07-15  |b l01 
ORI |a SA-MARC-krimdoka001.raw 
TIM |a 100019450101_100019931231  |b Geschichte 1945-1993